[Event "AUT_2BO_200607"]
[Site "6 810Zwettl,4 511Bruck/L,2"]
[Date "2007.03.11"]
[Round "9"]
[Board "1"]
[White "Vyskocil, Neklan"]
[Black "Ganaus, Hannes"]
[Result "1-0"]
[WhiteElo "2374"]
[BlackElo "2326"]
[PlyCount "41"]
[EventDate "2006.10.06"]
[EventType "team"]
[EventRounds "11"]
[EventCountry "AUT"]
[WhiteTeam "SK Zwettl"]
[BlackTeam "SPG Data Technology Eichgraben/Pressbaum"]

1.e4 e6 2.d4 d5 3.Nd2 Nf6 4.e5 Nfd7 5.c3 c5 6.f4 Nc6 7.Ndf3 Qb6 8.g3 Be7 9.Kf2
f6 10.Kg2 cxd4 11.cxd4 O-O 12.Bd3 Kh8 13.Ne2 fxe5 14.fxe5 Rxf3 15.Kxf3 Nxd4+
16.Kg2 Nxe2 17.Qxe2 Nf8 18.Rf1 Bd7 19.Qh5 g6 20.Bxg6 Nxg6 21.Rf7

[Event "AUT_2BO_200607"]
[Site "6 810Zwettl,4 511Bruck/L,2"]
[Date "2007.03.11"]
[Round "9"]
[Board "2"]
[White "Neumeier, Klaus"]
[Black "Janetschek, Karl"]
[Result "1-0"]
[WhiteElo "2289"]
[BlackElo "2289"]
[PlyCount "79"]
[EventDate "2006.10.06"]
[EventType "team"]
[EventRounds "11"]
[EventCountry "AUT"]
[WhiteTeam "SPG Data Technology Eichgraben/Pressbaum"]
[BlackTeam "SK Zwettl"]

1.e4 c5 2.Nf3 d6 3.Bb5+ Nd7 4.d4 cxd4 5.Qxd4 Ngf6 6.Nc3 e5 7.Qd3 h6 8.Be3 a6
9.Bc4 b5 10.Bb3 Bb7 11.a4 b4 12.Qc4 d5 13.Nxd5 Rc8 14.Qd3 Qa5 15.Nd2 Bxd5
16.exd5 Bc5 17.Nc4 Qc7 18.O-O O-O 19.a5 e4 20.Qd2 Ne5 21.d6 Nxc4 22.dxc7 Nxd2
23.Bxc5 Nxf1 24.Bxf8 Kxf8 25.Kxf1 Rxc7 26.Ra4 Rc5 27.Rxb4 Rxa5 28.Rb7 Nd5 29.Rd7
Ra1+ 30.Ke2 Nf4+ 31.Ke3 Nxg2+ 32.Kxe4 Re1+ 33.Kf3 Nh4+ 34.Kg4 Re4+ 35.f4 g5
36.Rxf7+ Ke8 37.Rf6 Ng2 38.Rxh6 Rxf4+ 39.Kxg5 Rf2 40.Rf6

[Event "AUT_2BO_200607"]
[Site "6 810Zwettl,4 511Bruck/L,2"]
[Date "2007.03.11"]
[Round "9"]
[Board "5"]
[White "Vykydal, Frantisek"]
[Black "Hechl, Gerald"]
[Result "1/2-1/2"]
[WhiteElo "2264"]
[BlackElo "2219"]
[PlyCount "60"]
[EventDate "2006.10.06"]
[EventType "team"]
[EventRounds "11"]
[EventCountry "AUT"]
[WhiteTeam "SK Zwettl"]
[BlackTeam "SPG Data Technology Eichgraben/Pressbaum"]

1.e4 Nf6 2.Nc3 d6 3.g3 g6 4.Bg2 Bg7 5.d3 e5 6.h3 O-O 7.Be3 c6 8.Qd2 d5 9.Bg5 Be6
10.Nge2 dxe4 11.Nxe4 Nxe4 12.dxe4 Qxd2+ 13.Bxd2 Rd8 14.Nc3 Na6 15.a3 Rd7 16.h4
h5 17.O-O-O Rad8 18.Be3 b6 19.Rxd7 Rxd7 20.Bf1 Nc7 21.Be2 Ne8 22.f3 f5 23.Bd3
Nd6 24.b3 fxe4 25.Nxe4 Nf5 26.Bg5 Nd4 27.Nf6+ Bxf6 28.Bxf6 Kf7 29.Bxe5 Nxb3+
30.Kb2 Nc5

[Event "AUT_2BO_200607"]
[Site "6 810Zwettl,4 511Bruck/L,2"]
[Date "2007.03.11"]
[Round "9"]
[Board "6"]
[White "Wandl, Werner"]
[Black "Stadler, Peter"]
[Result "1/2-1/2"]
[WhiteElo "2114"]
[BlackElo "2113"]
[PlyCount "24"]
[EventDate "2006.10.06"]
[EventType "team"]
[EventRounds "11"]
[EventCountry "AUT"]
[WhiteTeam "SPG Data Technology Eichgraben/Pressbaum"]
[BlackTeam "SK Zwettl"]

1.e4 c5 2.Nc3 Nc6 3.g3 g6 4.Bg2 Bg7 5.d3 e6 6.Be3 d6 7.Qd2 Nd4 8.f4 Ne7 9.Nf3
O-O 10.O-O Rb8 11.Rae1 b5 12.e5 Nef5

[Event "AUT_2BO_200607"]
[Site "6 810Zwettl,4 511Bruck/L,2"]
[Date "2007.04.14"]
[Round "10"]
[Board "1"]
[White "Papp, Gabor"]
[Black "Ganaus, Hannes"]
[Result "0-1"]
[WhiteElo "2466"]
[BlackElo "2326"]
[PlyCount "114"]
[EventDate "2006.10.06"]
[EventType "team"]
[EventRounds "11"]
[EventCountry "AUT"]
[WhiteTeam "ASVOe SK Mattersburg"]
[BlackTeam "SPG Data Technology Eichgraben/Pressbaum"]

1.e4 e5 2.Nf3 Nc6 3.Bb5 a6 4.Ba4 Nf6 5.Qe2 b5 6.Bb3 Bc5 7.c3 O-O 8.d3 d5 9.Bg5
dxe4 10.dxe4 h6 11.Bh4 Qd6 12.Bxf6 Qxf6 13.Bd5 Bd7 14.b4 Bb6 15.a4 Rab8 16.a5
Ba7 17.Nbd2 Ne7 18.O-O Ng6 19.g3 Bh3 20.Rfe1 c6 21.Bb3 Nf4 22.gxf4 Qg6+ 23.Ng5
exf4 24.Ndf3 hxg5 25.Ne5 Qf6 26.Nxf7 Rxf7 27.e5 Qf5 28.Bxf7+ Kxf7 29.e6+ Kf6
30.e7 f3 31.Qe4 Qxe4 32.Rxe4 Re8 33.Rd1 Bb8 34.Rd8 Kf7 35.Re3 Bf4 36.Rxf3 Bg4
37.Rxe8 Kxe8 38.Rd3 Kxe7 39.Kg2 Bf5 40.Rd1 Be5 41.Rc1 Be4+ 42.Kg1 Ke6 43.Re1 Kd5
44.Rd1+ Ke6 45.Re1 Kf5 46.Re3 Bf4 47.Rh3 Bd2 48.Kf1 g4 49.Rh8 Bxc3 50.Ra8 Bxb4
51.Rxa6 Ke5 52.Ra7 Bd3+ 53.Kg1 Bxa5 54.Rxa5 Kd4 55.f3 b4 56.fxg4 b3 57.Ra4+ Kc3

[Event "AUT_2BO_200607"]
[Site "6 810Zwettl,4 511Bruck/L,2"]
[Date "2007.04.14"]
[Round "10"]
[Board "2"]
[White "Neumeier, Klaus"]
[Black "Petran, Peter"]
[Result "1/2-1/2"]
[WhiteElo "2289"]
[BlackElo "2320"]
[PlyCount "105"]
[EventDate "2006.10.06"]
[EventType "team"]
[EventRounds "11"]
[EventCountry "AUT"]
[WhiteTeam "SPG Data Technology Eichgraben/Pressbaum"]
[BlackTeam "ASVOe SK Mattersburg"]

1.e4 c6 2.d4 g6 3.c4 d5 4.e5 Be6 5.cxd5 Bxd5 6.Nc3 Bg7 7.Nxd5 Qxd5 8.Nf3 Nd7
9.Qc2 Nb6 10.a4 a5 11.Bd3 e6 12.O-O Ne7 13.Bd2 Nf5 14.b4 Nxd4 15.Nxd4 Qxd4
16.bxa5 Nd5 17.a6 O-O 18.axb7 Ra7 19.Rab1 Rb8 20.a5 Raxb7 21.Rxb7 Rxb7 22.Qxc6
Rb8 23.Qc4 Qb2 24.Rd1 Bxe5 25.Be4 Bc3 26.Bc1 Qb4 27.Qxb4 Rxb4 28.Bd3 Ra4 29.a6
Ra1 30.Rf1 Nb4 31.Be3 Ra5 32.Bb6 Ra3 33.Bc5 Ra5 34.Bxb4 Bxb4 35.Rb1 Bc5 36.Rb8+
Kg7 37.Rb5 Ra1+ 38.Bf1 Bd4 39.Rb4 e5 40.h4 Ra2 41.Bc4 Rxf2 42.Kh2 Rc2 43.Bd5 Rc7
44.Rb7 Rxb7 45.axb7 Ba7 46.g4 f5 47.Kg3 e4 48.gxf5 gxf5 49.Bxe4 fxe4 50.Kf4 Kg6
51.Kxe4 Kh5 52.Kf3 Kxh4 53.Kg2

[Event "AUT_2BO_200607"]
[Site "6 810Zwettl,4 511Bruck/L,2"]
[Date "2007.04.14"]
[Round "10"]
[Board "3"]
[White "Brod, Manfred"]
[Black "Weissenbeck, Manuel"]
[Result "1/2-1/2"]
[WhiteElo "2258"]
[BlackElo "2247"]
[PlyCount "34"]
[EventDate "2006.10.06"]
[EventType "team"]
[EventRounds "11"]
[EventCountry "AUT"]
[WhiteTeam "ASVOe SK Mattersburg"]
[BlackTeam "SPG Data Technology Eichgraben/Pressbaum"]

1.e4 c5 2.Nf3 d6 3.d4 cxd4 4.Nxd4 Nf6 5.Nc3 a6 6.Be2 e5 7.Nb3 Be7 8.Be3 O-O 9.g4
Be6 10.g5 Ne8 11.Qd2 Nc7 12.O-O-O Nd7 13.f4 exf4 14.Bxf4 Ne5 15.Nd4 Qc8 16.Kb1
Nb5 17.Nd5 Bxd5

[Event "AUT_2BO_200607"]
[Site "6 810Zwettl,4 511Bruck/L,2"]
[Date "2007.04.14"]
[Round "10"]
[Board "4"]
[White "Pichler, Michael"]
[Black "Riedner, Martin"]
[Result "0-1"]
[WhiteElo "2192"]
[BlackElo "2175"]
[PlyCount "152"]
[EventDate "2006.10.06"]
[EventType "team"]
[EventRounds "11"]
[EventCountry "AUT"]
[WhiteTeam "SPG Data Technology Eichgraben/Pressbaum"]
[BlackTeam "ASVOe SK Mattersburg"]

1.e4 e6 2.d4 d5 3.Nc3 Nf6 4.e5 Nfd7 5.f4 c5 6.Nf3 Nc6 7.Be3 b6 8.Qd2 Be7 9.O-O-O
a6 10.h4 Qc7 11.Qf2 Bb7 12.Qg3 g6 13.h5 O-O-O 14.Rh3 Rhg8 15.Qh2 g5 16.fxg5 cxd4
17.Nxd4 Ncxe5 18.Nf3 Nxf3 19.Qxc7+ Kxc7 20.Rxf3 Bxg5 21.Bxg5 Rxg5 22.Rxf7 Rxh5
23.Ne4 Rf8 24.Rg7 Rxf1 25.Rxf1 dxe4 26.Rff7 Rd5 27.Rxh7 e3 28.Rh1 Rg5 29.Rd1 Bc6
30.Rd3 Rxg2 31.Rxe3 Kd6 32.Rd3+ Kc7 33.Re3 b5 34.Rxe6 Bd5 35.Rxd7+ Kxd7 36.Rxa6
Be4 37.c3 Rc2+ 38.Kd1 Rxb2 39.a4 bxa4 40.Rxa4 Bc6 41.Rd4+ Kc7 42.Rd2 Rb8 43.Ke2
Bb5+ 44.Ke3 Kc6 45.Rd4 Kc5 46.Re4 Rh8 47.Rf4 Bc6 48.Rd4 Rh3+ 49.Kd2 Rh2+ 50.Kc1
Bb5 51.Rd2 Rh1+ 52.Kb2 Be8 53.Rg2 Bc6 54.Re2 Kc4 55.Rd2 Re1 56.Rd4+ Kc5 57.Rd2
Be4 58.Kb3 Rc1 59.Kb2 Rb1+ 60.Ka2 Rb7 61.Rb2 Ra7+ 62.Kb3 Bd3 63.Rd2 Rb7+ 64.Ka4
Bc4 65.Ka3 Rb3+ 66.Ka2 Rxc3+ 67.Kb2 Kb4 68.Rd8 Re3 69.Rb8+ Bb5 70.Rc8 Rg3 71.Rc7
Rg8 72.Rc2 Bc4 73.Rc1 Bb3 74.Rc7 Rg2+ 75.Kb1 Bc4 76.Rh7 Bd3+

[Event "AUT_2BO_200607"]
[Site "6 810Zwettl,4 511Bruck/L,2"]
[Date "2007.04.14"]
[Round "10"]
[Board "5"]
[White "Salamon, Werner"]
[Black "Hechl, Gerald"]
[Result "1/2-1/2"]
[WhiteElo "2176"]
[BlackElo "2219"]
[PlyCount "26"]
[EventDate "2006.10.06"]
[EventType "team"]
[EventRounds "11"]
[EventCountry "AUT"]
[WhiteTeam "ASVOe SK Mattersburg"]
[BlackTeam "SPG Data Technology Eichgraben/Pressbaum"]

1.e4 d6 2.d4 Nf6 3.Nc3 g6 4.Bc4 Bg7 5.Qe2 c6 6.e5 dxe5 7.dxe5 Nd5 8.Bd2 Be6
9.Nf3 O-O 10.O-O-O b5 11.Bb3 a5 12.Nxd5 Bxd5 13.Bxd5 Qxd5

[Event "AUT_2BO_200607"]
[Site "6 810Zwettl,4 511Bruck/L,2"]
[Date "2007.04.14"]
[Round "10"]
[Board "6"]
[White "Mayr, Thomas"]
[Black "Wutzlhofer, Robert"]
[Result "0-1"]
[WhiteElo "2130"]
[BlackElo "2060"]
[PlyCount "88"]
[EventDate "2006.10.06"]
[EventType "team"]
[EventRounds "11"]
[EventCountry "AUT"]
[WhiteTeam "SPG Data Technology Eichgraben/Pressbaum"]
[BlackTeam "ASVOe SK Mattersburg"]

1.e4 c5 2.Ne2 Nc6 3.c4 e5 4.g3 d6 5.Bg2 g6 6.Nbc3 Nge7 7.d3 Bg7 8.O-O O-O 9.Rb1
Rb8 10.a3 a5 11.Bd2 Bg4 12.f3 Bd7 13.Nb5 Be6 14.Qe1 b6 15.Nec3 Kh8 16.Nd5 Bxd5
17.cxd5 Nd4 18.Nxd4 cxd4 19.b4 axb4 20.Bxb4 Bh6 21.f4 Bg7 22.Rc1 Qd7 23.Rf2 Kg8
24.Rfc2 Rbc8 25.Rxc8 Rxc8 26.Rxc8+ Nxc8 27.Qc1 Ne7 28.Qc2 f6 29.Bf3 Bh6 30.fxe5
fxe5 31.Qe2 Be3+ 32.Kg2 h5 33.h4 Qc7 34.g4 hxg4 35.Bxg4 g5 36.h5 Kh7 37.Qf3 Bf4
38.Qd1 Ng8 39.Qa4 Qc1 40.Qd7+ Kh8 41.Be2 Be3 42.Bf1 Qc2+ 43.Kh3 Qf2 44.Qf5 Bf4

[Event "AUT_2BO_200607"]
[Site "6 810Zwettl,4 511Bruck/L,2"]
[Date "2007.04.14"]
[Round "10"]
[Board "1"]
[White "Schlosser, Michael"]
[Black "Vyskocil, Neklan"]
[Result "1/2-1/2"]
[WhiteElo "2335"]
[BlackElo "2374"]
[PlyCount "97"]
[EventDate "2006.10.06"]
[EventType "team"]
[EventRounds "11"]
[EventCountry "AUT"]
[WhiteTeam "Aljechin/Wieden"]
[BlackTeam "SK Zwettl"]

1.e4 c5 2.Nf3 d6 3.d3 Nc6 4.g3 Nf6 5.Bg2 g6 6.O-O Bg7 7.Re1 O-O 8.c3 e5 9.Nbd2
h6 10.a4 Qc7 11.h3 Be6 12.Qe2 Rfe8 13.Nc4 Rad8 14.Bd2 d5 15.exd5 Bxd5 16.Be3 b6
17.Nh2 Qd7 18.Rad1 Nd4 19.Qd2 Nf5 20.Qc2 Bxc4 21.dxc4 Nxe3 22.fxe3 Qe6 23.b3 e4
24.Rxd8 Rxd8 25.Rd1 Rxd1+ 26.Qxd1 Qe5 27.Qe1 h5 28.Nf1 Ne8 29.Qd2 Nd6 30.Kf2 Nf5
31.Qd8+ Bf8 32.Qd5 Qxc3 33.Bxe4 Qxb3 34.Bxf5 gxf5 35.Qxf5 Qa2+ 36.Kg1 Qxa4
37.Qg5+ Bg7 38.Qd8+ Kh7 39.Qd3+ Kh6 40.g4 hxg4 41.hxg4 Qc6 42.Ng3 Qg6 43.Nf5+
Kh7 44.Qe4 Bf8 45.Kf2 Qe6 46.Qa8 Kg8 47.Qxa7 Qxc4 48.Qxb6 Qxg4 49.Qxc5

[Event "AUT_2BO_200607"]
[Site "6 810Zwettl,4 511Bruck/L,2"]
[Date "2007.04.14"]
[Round "10"]
[Board "2"]
[White "Janetschek, Karl"]
[Black "Pachta, Paul"]
[Result "0-1"]
[WhiteElo "2289"]
[BlackElo "2300"]
[PlyCount "60"]
[EventDate "2006.10.06"]
[EventType "team"]
[EventRounds "11"]
[EventCountry "AUT"]
[WhiteTeam "SK Zwettl"]
[BlackTeam "Aljechin/Wieden"]

1.e4 c5 2.Nf3 d6 3.d4 cxd4 4.Nxd4 Nf6 5.Nc3 g6 6.Be3 Bg7 7.f3 a6 8.Qd2 h5 9.Bc4
b5 10.Bd5 Nxd5 11.exd5 Bb7 12.O-O Nd7 13.Nc6 Bxc6 14.dxc6 Ne5 15.Nd5 Nc4 16.Qe2
e6 17.b3 Nxe3 18.Qxe3 Kf8 19.c7 Qh4 20.Rad1 exd5 21.Rxd5 Qe7 22.Qb6 Rc8 23.Qxa6
Qxc7 24.Qxb5 Bc3 25.Rfd1 Rd8 26.Qd3 Kg7 27.Rxd6 Bf6 28.c4 Qc5+ 29.Kf1 Qe5 30.g3
h4

[Event "AUT_2BO_200607"]
[Site "6 810Zwettl,4 511Bruck/L,2"]
[Date "2007.04.14"]
[Round "10"]
[Board "3"]
[White "Hodisch, Juri"]
[Black "Hangweyrer, Roman"]
[Result "1-0"]
[WhiteElo "2349"]
[BlackElo "2188"]
[PlyCount "43"]
[EventDate "2006.10.06"]
[EventType "team"]
[EventRounds "11"]
[EventCountry "AUT"]
[WhiteTeam "Aljechin/Wieden"]
[BlackTeam "SK Zwettl"]

1.d4 Nf6 2.c4 g6 3.Nc3 Bg7 4.Nf3 d6 5.g3 O-O 6.Bg2 c5 7.d5 e6 8.O-O exd5 9.cxd5
Re8 10.Bf4 a6 11.a4 Qb6 12.a5 Qxb2 13.Na4 Qb5 14.Nb6 Ra7 15.Bxd6 Nbd7 16.Nxd7
Nxd7 17.Ra2 b6 18.Qc2 bxa5 19.e4 Nf6 20.Nd2 Rd7 21.Rb1 Qe2 22.Bf3

[Event "AUT_2BO_200607"]
[Site "6 810Zwettl,4 511Bruck/L,2"]
[Date "2007.04.14"]
[Round "10"]
[Board "4"]
[White "Vykydal, Frantisek"]
[Black "Wirius, Stefan"]
[Result "0-1"]
[WhiteElo "2264"]
[BlackElo "2284"]
[PlyCount "82"]
[EventDate "2006.10.06"]
[EventType "team"]
[EventRounds "11"]
[EventCountry "AUT"]
[WhiteTeam "SK Zwettl"]
[BlackTeam "Aljechin/Wieden"]

1.e4 c5 2.Nc3 Nc6 3.g3 g6 4.Bg2 Bg7 5.d3 d6 6.Be3 e5 7.Qd2 Nge7 8.Bh6 O-O 9.h4
Bxh6 10.Qxh6 f6 11.Nge2 Nd4 12.Nxd4 cxd4 13.Nd1 Rf7 14.Qd2 Be6 15.O-O d5 16.f4
dxe4 17.dxe4 Nc6 18.Nf2 exf4 19.gxf4 f5 20.Rae1 Bc4 21.Nd3 fxe4 22.Rxe4 Bd5
23.Ne5 Nxe5 24.Rxd4 Nc4 25.Qf2 Bxg2 26.Rxd8+ Rxd8 27.Qxg2 Ne3 28.Qg5 Rd5 29.Qg3
Nxf1 30.Kxf1 Rd4 31.Ke2 Rdxf4 32.Ke3 R4f6 33.Qb8+ Kg7 34.Qxa7 h5 35.Qd4 Kh7
36.a4 Rf3+ 37.Ke2 R3f4 38.Qa7 b5 39.Qa6 bxa4 40.c4 Rc7 41.Kd3 Rfxc4

[Event "AUT_2BO_200607"]
[Site "6 810Zwettl,4 511Bruck/L,2"]
[Date "2007.04.14"]
[Round "10"]
[Board "5"]
[White "Vitouch, Anatol"]
[Black "Stadler, Peter"]
[Result "1-0"]
[WhiteElo "2208"]
[BlackElo "2113"]
[PlyCount "93"]
[EventDate "2006.10.06"]
[EventType "team"]
[EventRounds "11"]
[EventCountry "AUT"]
[WhiteTeam "Aljechin/Wieden"]
[BlackTeam "SK Zwettl"]

1.Nf3 Nf6 2.c4 g6 3.g3 Bg7 4.Bg2 O-O 5.O-O d5 6.cxd5 Nxd5 7.d4 Nb6 8.Nc3 Nc6
9.e3 e5 10.d5 Na5 11.e4 c6 12.Bg5 f6 13.Be3 cxd5 14.Bxb6 Qxb6 15.Nxd5 Qd8 16.Qe2
Be6 17.Rfd1 Bxd5 18.Rxd5 Qe7 19.Rad1 Rad8 20.Qb5 Nc6 21.Bh3 f5 22.Qc4 Kh8
23.Rxd8 Rxd8 24.Rxd8+ Qxd8 25.exf5 Qf6 26.Qe4 Bf8 27.fxg6 hxg6 28.Bc8 b6 29.Bb7
Nd8 30.Bd5 Bd6 31.h4 Kg7 32.Kg2 Qf5 33.Qa4 Nf7 34.Qc6 Bc5 35.Qb7 a5 36.Qxf7+
Qxf7 37.Bxf7 Kxf7 38.Nxe5+ Kg7 39.a4 Bd4 40.Nd3 b5 41.axb5 a4 42.Kf3 Kf7 43.Ke4
Bxb2 44.b6 a3 45.b7 a2 46.b8=Q a1=Q 47.Qxb2

[Event "AUT_2BO_200607"]
[Site "6 810Zwettl,4 511Bruck/L,2"]
[Date "2007.04.14"]
[Round "10"]
[Board "6"]
[White "Mlynek, Petr"]
[Black "Goetz, Alexander"]
[Result "1-0"]
[WhiteElo "2149"]
[BlackElo "2172"]
[PlyCount "57"]
[EventDate "2006.10.06"]
[EventType "team"]
[EventRounds "11"]
[EventCountry "AUT"]
[WhiteTeam "SK Zwettl"]
[BlackTeam "Aljechin/Wieden"]

1.d4 Nf6 2.c4 c5 3.Nf3 g6 4.g3 Bg7 5.Bg2 O-O 6.O-O d6 7.Nc3 Nc6 8.d5 Na5 9.Qd3
a6 10.Bd2 b5 11.cxb5 axb5 12.Qxb5 Ba6 13.Qa4 Bc4 14.Rfd1 Nd7 15.Qc2 Nb6 16.Rab1
Bxc3 17.Bxc3 Bxa2 18.Ra1 Bb3 19.Qd2 Nxd5 20.Qh6 Nf6 21.Ng5 e5 22.Bxe5 dxe5
23.Rxd8 Raxd8 24.Rxa5 Rd1+ 25.Bf1 Rfd8 26.Ra6 R1d6 27.Rxd6 Rxd6 28.e4 Rd2 29.Ne6

[Event "AUT_2BO_200607"]
[Site "6 810Zwettl,4 511Bruck/L,2"]
[Date "2007.04.14"]
[Round "10"]
[Board "1"]
[White "Hangweyrer, Manfred"]
[Black "Timoscenko, Gennadij"]
[Result "1/2-1/2"]
[WhiteElo "2389"]
[BlackElo "2495"]
[PlyCount "51"]
[EventDate "2006.10.06"]
[EventType "team"]
[EventRounds "11"]
[EventCountry "AUT"]
[WhiteTeam "Austria Wien"]
[BlackTeam "1 Wr NeustAedter SV"]

1.e4 e5 2.Nf3 Nc6 3.Nc3 Nf6 4.g3 d5 5.exd5 Nxd5 6.Bg2 Nxc3 7.bxc3 Bd6 8.O-O O-O
9.Rb1 Rb8 10.d4 h6 11.Qd3 Qf6 12.Nh4 Bd7 13.d5 Na5 14.f4 exf4 15.Bxf4 Rbe8
16.Be3 Qe7 17.Bd4 b6 18.Nf3 c5 19.dxc6 Bxc6 20.Rfe1 Qc7 21.Nh4 Bxg2 22.Kxg2 Qc6+
23.Kh3 Qc8+ 24.Kg2 Qc6+ 25.Kh3 Qc8+ 26.Kg2

[Event "AUT_2BO_200607"]
[Site "6 810Zwettl,4 511Bruck/L,2"]
[Date "2007.04.14"]
[Round "10"]
[Board "2"]
[White "Schroll, Gerhard"]
[Black "Plachetka, Jan"]
[Result "1-0"]
[WhiteElo "2377"]
[BlackElo "2402"]
[PlyCount "69"]
[EventDate "2006.10.06"]
[EventType "team"]
[EventRounds "11"]
[EventCountry "AUT"]
[WhiteTeam "1 Wr NeustAedter SV"]
[BlackTeam "Austria Wien"]

1.d4 Nf6 2.c4 g6 3.Nc3 d5 4.Nf3 Bd7 5.Qa4 Bg7 6.Qb3 dxc4 7.Qxc4 O-O 8.Bf4 Na6
9.e4 c5 10.dxc5 Qa5 11.e5 Nh5 12.Be3 Nb4 13.Rc1 Be6 14.Qb5 Qxb5 15.Bxb5 h6
16.Nd4 g5 17.g3 Bxe5 18.Nxe6 fxe6 19.Bc4 Ng7 20.h4 Bf6 21.hxg5 Bxg5 22.f4 Bf6
23.g4 Rad8 24.Rxh6 Nd5 25.Nxd5 exd5 26.Bb3 e6 27.Rd1 d4 28.Bd2 Be7 29.f5 Bxc5
30.fxe6 Be7 31.Bg5 Rfe8 32.Bxe7 Rxe7 33.Ke2 Rd6 34.Kd3 Ne8 35.Rdh1

[Event "AUT_2BO_200607"]
[Site "6 810Zwettl,4 511Bruck/L,2"]
[Date "2007.04.14"]
[Round "10"]
[Board "3"]
[White "Staudner, Oliver"]
[Black "Steiner, Bruno"]
[Result "1-0"]
[WhiteElo "2391"]
[BlackElo "2259"]
[PlyCount "49"]
[EventDate "2006.10.06"]
[EventType "team"]
[EventRounds "11"]
[EventCountry "AUT"]
[WhiteTeam "Austria Wien"]
[BlackTeam "1 Wr NeustAedter SV"]

1.e4 c5 2.c3 Nf6 3.e5 Nd5 4.Nf3 e6 5.d4 cxd4 6.cxd4 d6 7.Bc4 Nc6 8.Qe2 Be7 9.O-O
O-O 10.Re1 Na5 11.Bd3 Nb4 12.exd6 Qxd6 13.Nc3 Nxd3 14.Qxd3 b6 15.Ng5 g6 16.Nge4
Qd8 17.Bh6 Re8 18.d5 Bd7 19.Qd4 e5 20.Qxe5 f6 21.Qd4 Kf7 22.b4 Nb7 23.d6 Bf8
24.Qd5+ Re6 25.Bxf8

[Event "AUT_2BO_200607"]
[Site "6 810Zwettl,4 511Bruck/L,2"]
[Date "2007.04.14"]
[Round "10"]
[Board "4"]
[White "Posch, Werner"]
[Black "Vokroj, Rene"]
[Result "0-1"]
[WhiteElo "2225"]
[BlackElo "2330"]
[PlyCount "110"]
[EventDate "2006.10.06"]
[EventType "team"]
[EventRounds "11"]
[EventCountry "AUT"]
[WhiteTeam "1 Wr NeustAedter SV"]
[BlackTeam "Austria Wien"]

1.e4 c5 2.Nc3 Nc6 3.g3 g6 4.Bg2 Bg7 5.d3 e6 6.Be3 Nd4 7.Nce2 Ne7 8.c3 Nxe2
9.Nxe2 b6 10.Qd2 Bb7 11.Bh6 Bxh6 12.Qxh6 Qc7 13.O-O O-O-O 14.b4 f5 15.bxc5 Qxc5
16.a4 fxe4 17.dxe4 Nc6 18.Nd4 e5 19.Nxc6 dxc6 20.a5 Kb8 21.axb6 axb6 22.Ra2 Rd7
23.Bh3 Rf7 24.Be6 Rf6 25.Bg4 Rf7 26.Be6 Re7 27.Bg4 Qxc3 28.Qg5 Rhe8 29.Rc1 Qb4
30.Qf6 Rc7 31.Rd1 Qe7 32.Qf3 Qc5 33.Qb3 b5 34.Rc2 Qb6 35.Rcd2 Rce7 36.Qa3 b4
37.Qb3 Rf8 38.Kg2 h5 39.Be6 c5 40.Bd5 Rc8 41.f3 Bxd5 42.Qxd5 Qe6 43.Qd3 Rb7
44.Qe3 b3 45.Qc3 c4 46.Rd5 Qe7 47.Ra1 Rc5 48.Rd2 Rbb5 49.Ra4 Qc7 50.f4 Qb7
51.Kf3 b2 52.Rd8+ Kc7 53.Qd2 Rb3+ 54.Kg2 Rd3 55.Rxd3 cxd3

[Event "AUT_2BO_200607"]
[Site "6 810Zwettl,4 511Bruck/L,2"]
[Date "2007.04.14"]
[Round "10"]
[Board "5"]
[White "Bukacek, Emil"]
[Black "Steiner, Adam"]
[Result "0-1"]
[WhiteElo "2221"]
[BlackElo "2150"]
[PlyCount "50"]
[EventDate "2006.10.06"]
[EventType "team"]
[EventRounds "11"]
[EventCountry "AUT"]
[WhiteTeam "Austria Wien"]
[BlackTeam "1 Wr NeustAedter SV"]

1.e4 c5 2.Nc3 Nc6 3.f4 g6 4.Nf3 Bg7 5.Bb5 Nd4 6.Nxd4 cxd4 7.Ne2 Qb6 8.a4 Nf6
9.Bd3 d5 10.exd5 O-O 11.a5 Qc7 12.c4 e6 13.d6 Qxd6 14.b3 b5 15.O-O Bb7 16.Ng3
Rfe8 17.cxb5 e5 18.a6 Bd5 19.fxe5 Rxe5 20.Bc4 Nh5 21.d3 Rae8 22.Nxh5 Rxh5 23.g3
Re3 24.Bxe3 dxe3 25.Qe2 Qxg3+

[Event "AUT_2BO_200607"]
[Site "6 810Zwettl,4 511Bruck/L,2"]
[Date "2007.04.14"]
[Round "10"]
[Board "6"]
[White "Wiedner, Robert"]
[Black "Poecksteiner, Johann"]
[Result "1/2-1/2"]
[WhiteElo "2130"]
[BlackElo "2166"]
[PlyCount "97"]
[EventDate "2006.10.06"]
[EventType "team"]
[EventRounds "11"]
[EventCountry "AUT"]
[WhiteTeam "1 Wr NeustAedter SV"]
[BlackTeam "Austria Wien"]

1.Nf3 c5 2.e4 Nc6 3.d4 cxd4 4.Nxd4 Nf6 5.Nc3 e5 6.Ndb5 d6 7.a4 a6 8.Na3 Be6
9.Bc4 Rc8 10.O-O Nb4 11.b3 Be7 12.h3 O-O 13.Be3 d5 14.exd5 Nbxd5 15.Nxd5 Nxd5
16.Bd2 Bxa3 17.Rxa3 Qd6 18.Ra1 Rfd8 19.Qf3 e4 20.Qe2 Nf4 21.Bxf4 Qxf4 22.Bxe6
fxe6 23.Rfd1 h6 24.a5 Rxd1+ 25.Rxd1 Rc5 26.g3 Qf5 27.Rd8+ Kh7 28.b4 Rc3 29.g4
Qf4 30.Rd4 Qc1+ 31.Kg2 e3 32.Re4 Qd2 33.Qxd2 exd2 34.Rd4 Rxc2 35.Kf3 Rc4 36.Rxd2
Rxb4 37.Rd6 Rb5 38.Rd7 Kg6 39.h4 Rb4 40.Kg3 Kf6 41.h5 Rb5 42.Kh4 Rxa5 43.Rxb7
Ra1 44.f4 Ra4 45.Kg3 a5 46.Ra7 Ra3+ 47.Kh4 Ra4 48.Kg3 Ra3+ 49.Kh4

[Event "AUT_2BO_200607"]
[Site "6 810Zwettl,4 511Bruck/L,2"]
[Date "2007.04.14"]
[Round "10"]
[Board "1"]
[White "Chytilek, Roman"]
[Black "Denk, Adolf"]
[Result "1-0"]
[WhiteElo "2394"]
[BlackElo "2294"]
[PlyCount "91"]
[EventDate "2006.10.06"]
[EventType "team"]
[EventRounds "11"]
[EventCountry "AUT"]
[WhiteTeam "SV Stockerau"]
[BlackTeam "St POelten"]

1.e4 d6 2.d4 g6 3.Nc3 Bg7 4.Be3 e6 5.Qd2 h6 6.a4 Ne7 7.f3 Nd7 8.Nge2 a6 9.a5 b5
10.axb6 Nxb6 11.Nc1 Nd7 12.Nb3 g5 13.Bd3 Ng6 14.O-O Nf6 15.Qe2 Nf4 16.Bxf4 gxf4
17.Bxa6 Kf8 18.Bxc8 Rxc8 19.Ra7 Ne8 20.Rfa1 Rg8 21.Qd2 Bf6 22.Kh1 Bg5 23.d5 e5
24.Ne2 Bh4 25.Ng1 Nf6 26.Na5 Nh5 27.Nc6 Qg5 28.Nh3 Qg6 29.Ra8 Kg7 30.Rxc8 Rxc8
31.Ra7 Kh7 32.b4 Ng7 33.b5 Ne8 34.Qa5 Qg8 35.Ra8 Ng7 36.Rxc8 Qxc8 37.Qa6 Qg8
38.Qb7 Ne8 39.Qc8 Kh8 40.c4 Kh7 41.Kg1 Be1 42.Kf1 Bd2 43.Nf2 Be3 44.Ng4 h5
45.Ne7 Qh8 46.Qxe8

[Event "AUT_2BO_200607"]
[Site "6 810Zwettl,4 511Bruck/L,2"]
[Date "2007.04.14"]
[Round "10"]
[Board "2"]
[White "Roehrl, Karl"]
[Black "Groetz, Harald"]
[Result "1-0"]
[WhiteElo "2307"]
[BlackElo "2399"]
[PlyCount "119"]
[EventDate "2006.10.06"]
[EventType "team"]
[EventRounds "11"]
[EventCountry "AUT"]
[WhiteTeam "St POelten"]
[BlackTeam "SV Stockerau"]

1.d4 Nf6 2.Nf3 g6 3.c3 Bg7 4.Bg5 d6 5.Nbd2 O-O 6.e4 c5 7.d5 Na6 8.h3 Nc7 9.a4 b6
10.Bd3 Rb8 11.O-O a6 12.Rb1 h6 13.Bf4 b5 14.axb5 axb5 15.Bh2 Nd7 16.Qe2 b4 17.c4
Ne5 18.Bxe5 dxe5 19.Nb3 Qd6 20.Qe3 Na6 21.Rfe1 e6 22.Nfd2 f5 23.f3 Kh7 24.Ra1
Bf6 25.Ra5 Bd8 26.Ra2 Bg5 27.Qe2 Bxd2 28.Qxd2 Nc7 29.Qe3 fxe4 30.Qxe4 exd5
31.Qxe5 Qxe5 32.Rxe5 dxc4 33.Re7+ Kh8 34.Bxc4 Ne8 35.Nxc5 Nf6 36.g4 Rb6 37.Ne4
Nxe4 38.fxe4 Rb7 39.Rxb7 Bxb7 40.Bd5 Bxd5 41.exd5 Kg7 42.Ra7+ Kf6 43.Rb7 Rd8
44.Rb5 Ke5 45.Rxb4 Rxd5 46.Rb3 Kf4 47.Kf1 h5 48.gxh5 gxh5 49.Ke1 h4 50.Rc3 Rb5
51.b3 Ra5 52.Kd1 Rg5 53.b4 Rg3 54.Rxg3 Kxg3 55.Ke2 Kxh3 56.Kf2 Kh2 57.b5 h3
58.b6 Kh1 59.b7 h2 60.Kg3